Elite del poder en la historia pretoriana de Guatemala

Збережено в:
Бібліографічні деталі
Автор: Beltranena Falla, Francisco Fernando (Автор)
Формат: Книга
Мова:Іспанська
Опубліковано: Madrid Universidad Pontificia de Salamanca 2005
Серія:Tesis, 22
Предмети:
Теги: Додати тег
Немає тегів, Будьте першим, хто поставить тег для цього запису!

MARC

LEADER 00000nam a2200000 a 4500
001 UCK5263
003 CL-VaPUC
008 050715e20050000SP |||||||||||||||||spa|d
020 |a 8472996409 
082 0 4 |a 972.81  |b BEL  |2 21 
100 0 |a Beltranena Falla, Francisco Fernando  |e author  |9 494031 
245 1 0 |a Elite del poder en la historia pretoriana de Guatemala 
300 |a 81 p 
942 |c BK 
945 |d 20050715 00:00:00  |a jcarroza 
260 |a Madrid  |b Universidad Pontificia de Salamanca  |c 2005 
500 |a Extracto de la tesis presentada para la obtención del grado de Doctor 
650 0 |a Historia militar  |9 268297 
650 0 |a Militares   |9 336881 
650 0 |a Grupos sociales  |9 268887 
651 0 |a Guatemala  |9 258335 
583 |a last modification  |c 20050715 00:00:00  |k Rodrigo Vera 
490 0 |a Tesis, 22 
999 |c 313893  |d 313891 
952 |0 0  |1 0  |4 0  |6 972_810000000000000_BEL_2005  |7 0  |8 A  |9 385682  |a BIBHIS  |b BIBHIS  |d 2019-11-22  |i 4138058  |o 972.81 BEL 2005  |p 4138058  |r 2025-01-20  |w 2019-11-22  |y BK  |k HIS